000 00470nab a22001457 4500
003 ES-SlBCS
005 20210327224141.0
008 160426s2016 sp ||||| |||| 00| 0 spa d
040 _aES-SlBCS
_bspa
041 _aspa
100 1 _aGramick, Jeannine
_9106372
245 1 0 _aMatrimonio de personas del mismo sexo y el Tribunal Supremo de los Estados Unidos
_cJeannine Gramick
773 0 _gNúm. 365, 2016, págs. 137-146
_tConcilium
_wRev134
_x0210-1041
942 _2lcc
_cAR
999 _c467680
_d467680